000 00506nam a22001697a 4500
005 20141007110500.0
008 141007b xxu||||| |||| 00| 0 eng d
050 _aTX 911.3.M27
_b.T134 2014
100 _aTaing, Vineet.
245 _aGlobal hospitality industry and service quality management /
_cVineet Taing.
260 _aNew Delhi :
_bRandom Publication,
_cc2014.
300 _a256 pages :
_c24 cm.
521 _aTourism
650 _aHospitality.
650 _aManagement.
942 _2lcc
_cBK
_kFOR
999 _c276023
_d276023